Countries with the Most Volcanoes (Updated) - Statistics

General Stats
  • This quiz has been taken 45 times
  • The average score is 12 of 15
Answer Stats
Volcanoes Country % Correct
120 Indonesia
98%
162 United States
98%
91 Chile
95%
37 Mexico
95%
122 Japan
93%
24 Canada
88%
35 Ecuador
88%
117 Russia
88%
38 Philippines
79%
35 Argentina
77%
24 New Zealand
74%
46 Papua New Guinea
74%
23 Guatemala
65%
35 Iceland
49%
53 Ethiopia
33%
No matching quizzes found
Score Distribution
Percent of People with Each Score
Percentile by Number Answered
Your Score History
You have not taken this quiz